Statistics for Top 5 Best MLB teams of the 2010's

Click here to take the quiz!

General Stats

  • This quiz has been taken 260 times
  • The average score is 4 of 5

Answer Stats

WinsTeam% Correct
921New York Yankees
96%
872Boston Red Sox
90%
919Los Angeles Dodgers
90%
899St. Louis Cardinals
72%
879Washington Nationals
41%

Score Distribution

Percentile by Number Answered

Percent of People with Each Score

Your Score History

You have not taken this quiz